000 00476nam a22001937a 4500
003 MPLRDC
005 20220104152314.0
008 210129b ||||| |||| 00| 0 eng d
020 _a986-124-195-7
082 _a857.63 TJS-7
100 _a藤井树
245 _a这城市: B栋11楼 第二部
_c
250 _a初版
260 _a
_b商周出版
_c2004
300 _b
490 _a网路小说. 55
650 _a短篇小说--别集
942 _cBK
_o857.63 TJS-7
999 _c52821
_d52811